| 000 | 00315 a2200133 4500 | ||
|---|---|---|---|
| 003 | Nust | ||
| 005 | 20170207154234.0 | ||
| 040 | _cNust | ||
| 082 | _a050 | ||
| 100 | _aLt Gen Masood Aslam | ||
| 245 |
_aPakistan Army Journal Winter 2005, (Vol.XLVII) _cLt Gen Masood Aslam |
||
| 260 |
_aRawalpindi _bGHQ _c2005 |
||
| 300 | _a183p; | ||
| 942 | _cMAGS | ||
| 999 |
_c196042 _d196042 |
||